People by Clue #2 - Statistics

General Stats
  • This quiz has been taken 21,014 times
  • The average score is 11 of 20
Answer Stats
Clues Person % Correct
Iron Lady, Meryl Streep, Falklands Margaret Thatcher
85%
Cone Bra, Material Girl, Evita Madonna
81%
Ear, Absinthe, Netherlands Vincent Van Gogh
81%
Bit a Bat, Mumbles, Wife is Sharon Ozzy Osbourne
77%
Bend It, Metrosexual, Spice Dater David Beckham
74%
Kanye West, Reggie Bush, Kris Humphries Kim Kardashian
72%
Tramp, Hitler Mustache, Hollywood Charlie Chaplin
71%
Canadian, Too Late To Say Sorry, Hailey Baldwin Justin Bieber
64%
Port-Wine Stain, Glasnost, Tear Down This Wall Mikhail Gorbachev
62%
Lightning Rod, Philadelphia, Almanack Benjamin Franklin
60%
Blue Eyes, Ocean's 11, Crooner Frank Sinatra
58%
Sarah Palin, Liz Lemon, Mean Girls Tina Fey
51%
Name = Animal, Elin Nordegren, Nike Endorsee Tiger Woods
45%
Midland, 'Merica, Misunderestimate George W. Bush
43%
History = Bunk, Dearborn, Paid Workers $5 a Day Henry Ford
42%
Mellow Johnny, Austin Texas, Testicular Cancer Lance Armstrong
41%
French, Drank 100 Beers, Hard to Body Slam Andre the Giant
38%
Virgin, Balloon Flight, Knight Richard Branson
33%
Butter Disbelief, Flowing Locks, Romance Novels Fabio
29%
Womanizer, Died in Greece, Walks in Beauty Lord Byron
18%
No matching quizzes found
Score Distribution
Percent of People with Each Score
Percentile by Number Answered
Your Score History
You have not taken this quiz